Spon's external works and landscape price book (Record no. 115233)
[ view plain ]
| 000 -LEADER | |
|---|---|
| fixed length control field | 01267cam a22003135a 4500 |
| 001 - CONTROL NUMBER | |
| control field | L158266 |
| 008 - FIXED-LENGTH DATA ELEMENTS--GENERAL INFORMATION | |
| fixed length control field | 090109s2014 xxk f 001 0 eng d |
| 020 ## - INTERNATIONAL STANDARD BOOK NUMBER | |
| International Standard Book Number | 9781482255225 |
| 022 1# - INTERNATIONAL STANDARD SERIAL NUMBER | |
| International Standard Serial Number | 0267-4181 |
| 035 ## - SYSTEM CONTROL NUMBER | |
| System control number | (Sirsi) u158267 |
| 041 0# - LANGUAGE CODE | |
| Language code of text/sound track or separate title | eng |
| 050 04 - LIBRARY OF CONGRESS CALL NUMBER | |
| Classification number | 712.3 $2 18 |
| 110 2# - MAIN ENTRY--CORPORATE NAME | |
| Corporate name or jurisdiction name as entry element | AECOM |
| 245 00 - TITLE STATEMENT | |
| Title | Spon's external works and landscape price book |
| Remainder of title | 2015 |
| 250 ## - EDITION STATEMENT | |
| Edition statement | 34th ed. |
| 260 ## - PUBLICATION, DISTRIBUTION, ETC. | |
| Place of publication, distribution, etc. | London |
| Name of publisher, distributor, etc. | CRC Press |
| -- | Taylor and Francis |
| Date of publication, distribution, etc. | 2015 |
| 300 ## - PHYSICAL DESCRIPTION | |
| Extent | xxviii, 577p. |
| Dimensions | 26cm. |
| 350 ## - PRICE (NR) (BK AM CF MU VM SE) [OBSOLETE] | |
| Price | 140 |
| 505 2# - FORMATTED CONTENTS NOTE | |
| Formatted contents note | General -- Approximate estimates: major works -- Prices for measured works: major works -- Approximate estimates: minor works -- Prices for measured works: minor works -- Fees for professional services -- Rates of wages -- Daywork and prime cost -- Tables and memoranda |
| 520 ## - SUMMARY, ETC. | |
| Summary, etc. | Provides a comprehensive source of information for detailed landscape and external works costs, covering all the items to be found in hard and soft landscape contracts. Includes new and revised Measured Works items. |
| 520 ## - SUMMARY, ETC. | |
| Summary, etc. | Supersedes 33rd edition |
| 521 ## - TARGET AUDIENCE NOTE | |
| Target audience note | Advanced |
| 590 ## - LOCAL NOTE (RLIN) | |
| Local note | KA |
| 651 #4 - SUBJECT ADDED ENTRY--GEOGRAPHIC NAME | |
| Geographic name | United Kingdom |
| Chronological subdivision | |
| 690 ## - LOCAL SUBJECT ADDED ENTRY--TOPICAL TERM (OCLC, RLIN) | |
| Topical term or geographic name as entry element | BUILT ENVIRONMENT-BUILDING COSTS |
| 710 1# - ADDED ENTRY--CORPORATE NAME | |
| Corporate name or jurisdiction name as entry element | LandPro Ltd Landscape Surveyors |
| 942 ## - ADDED ENTRY ELEMENTS (KOHA) | |
| Suppress in OPAC | 0 |
| Withdrawn status | Lost status | Source of classification or shelving scheme | Damaged status | Not for loan | Home library | Current library | Shelving location | Date acquired | Total Checkouts | Full call number | Barcode | Date last seen | Copy number | Price effective from | Koha item type |
|---|---|---|---|---|---|---|---|---|---|---|---|---|---|---|---|
| Dewey Decimal Classification | London | London | Basement | 18/11/2014 | BASEMENT | 30078770 | 06/08/2019 | 1 | 06/08/2019 | Book |